00521 2200181 4500001002100000005001500021035002000036007000300056008004100059082001000100084001600110100002600126245008200152260003100234300004200265600001600307990001600323INLIS00000000000054920210910103633 a0010-0921000021ta210910 b 1 ind  a398.2 a398.2 YUD d0 aYudhistira Ikranegara1 aDongeng pengantar tidur :bAsal mula candi Prambanan /cYudhistira Ikranegara aYogyakarta :bCV.Dua media a32 Halaman :bIlustrasi ;c21 x 15 cm 4aCerita Anak a00000001625